000 01920nam a2200301Ia 4500
999 _c40428
_d40428
001 7037
003 GE_BSU
005 20231109122633.0
008 181216s2010||||ge |||||||||||||| ||geo||
020 _a9789941131882
040 _cGE_BSU
041 _ageo
080 _a343(075.8) ვ-41
100 _aვესელსი, იოჰანეს
_913317
245 _aსისხლის სამართლის ზოგადი ნაწილი :
_bდანაშაული და მისი აგებულება /
_cიოჰანე ვესელსი, ვენერ ბოიკლე ; ქართული გამოც. სამეცნ. რედ. ირაკლი დვალიძე ; მთარგმნ. ზურაბ არსენიშვილი ; ყდის დიზაინი თინათინ ჩირინაშვილი.
250 _a38-ე გადამუშავებული გამოცემა (იგულისხმება ორიგინალი)
264 _aთბილისი :
_bუნ-ტის გამ-ბა,
_c2010.
300 _a606 გვ. ;
_c24 სმ.
500 _aანბანურ - საგნობრივი საძიებელი გვ. : 571-606
541 _h25ლ.
653 _aდანაშაული და მისი აგებულება
653 _aსისხლის სამართლის ზოგადი ნაწილი
700 _aბოიკლე, ვენერ
_eავტორი
_920310
700 _aდვალიძე, ირაკლი
_eრედაქტორი
_96351
700 _aარსენიშვილი, ზურაბ
_eმთარგმნელი
_913319
700 _aჩირინაშვილი, თინათინ
_eდიზაინერი
_918081
942 _cBK
_2udc